Statistics for Minecraft Items by Crafting Table Combinations (With Pictures) #12

Click here to take the quiz!

General Stats

  • This quiz has been taken 36 times
  • The average score is 7 of 9

Answer Stats

Answer% Correct
Wooden Shovel
93%
Suspicious Stew
83%
Fermented Spider Eye
80%
Oak Fence
80%
White Wool Block
80%
Smithing Table
67%
Cartography Table
63%
Concrete Powder
57%
Crossbow
47%

Score Distribution

Percentile by Number Answered

Percent of People with Each Score

Your Score History

You have not taken this quiz